000 00462cam a22001692 4500
001 0000012577
005 20140825164445.0
008 080611s1960 nyu 000 0 eng d
040 _aPUL
100 1 _aWeatherhead, Leslie Dixon,
_d1893-.
245 1 0 _aKey next door :
_bsermons.
260 _aNew York :
_bAbingdon Press,
_c1960.
300 _a255 p. ;
_c21 cm.
650 0 _aMethodist Church
_xSermons.
908 _a080611
050 _aBX8333.W416
_bK4 1960
999 _c12032
_d12032